[Event "Sochi City-ch"]
[Site "Sochi"]
[Date "2017.09.10"]
[Round "9"]
[White "Maretskij, Pavel"]
[Black "Babayan, Arman S"]
[Result "1-0"]
[WhiteElo "1753"]
[BlackElo "1638"]
[PlyCount "51"]
[EventDate "2017.09.02"]
[EventType "swiss"]
[EventRounds "9"]
[EventCountry "RUS"]
[SourceTitle "CBM 180 Extra"]
[Source "ChessBase"]
[SourceDate "2017.10.06"]
[SourceVersion "1"]
[SourceVersionDate "2017.10.06"]
[SourceQuality "1"]

1. d4 f5 2. c4 Nf6 3. Nc3 e6 4. g3 d5 5. cxd5 exd5 6. Bg2 c6 7. Nf3 Bd6 8. Qc2 Ne4 9. 0-0 0-0 10. Nd2 Nd7 11. f3 Nxd2 12. Bxd2 Qf6 13. Be3 f4 14. Bf2 Qh6 15. Rae1 Nb6 16. e4 fxg3 17. Bxg3 Bxg3 18. hxg3 Nc4 19. Qc1 Qg6 20. exd5 Qxg3 21. Ne4 Qg6 22. Qxc4 Bh3 23. dxc6+ Kh8 24. Re2 bxc6 25. Rff2 Rf4 26. Kf1 1-0

[Event "Sochi City-ch"]
[Site "Sochi"]
[Date "2017.09.02"]
[Round "2"]
[White "Maretskij, Pavel"]
[Black "Kalandia, Eka"]
[Result "1-0"]
[WhiteElo "1753"]
[BlackElo "1256"]
[PlyCount "99"]
[EventDate "2017.09.02"]
[EventType "swiss"]
[EventRounds "9"]
[EventCountry "RUS"]
[SourceTitle "CBM 180 Extra"]
[Source "ChessBase"]
[SourceDate "2017.10.06"]
[SourceVersion "1"]
[SourceVersionDate "2017.10.06"]
[SourceQuality "1"]

1. d4 d5 2. c4 e6 3. Nc3 c6 4. Nf3 Bd6 5. e3 f5 6. b3 Nf6 7. Bd3 Nbd7 8. cxd5 cxd5 9. Bb2 a6 10. 0-0 0-0 11. Rc1 Ne4 12. Qe2 Rf6 13. g3 Rh6 14. Bxe4 dxe4 15. Nd2 b5 16. d5 Bb7 17. dxe6 Rxe6 18. Nxb5 axb5 19. Qxb5 Ba6 20. Qxf5 Qe7 21. Rfd1 Qf7 22. Qd5 Rf8 23. Nxe4 Rxe4 24. Qxe4 Qxf2+ 25. Kh1 Be2 26. Rf1 Qxf1+ 27. Rxf1 Rxf1+ 28. Kg2 Bf3+ 29. Qxf3 Rxf3 30. Kxf3 Kf7 31. Ke4 Nc5+ 32. Kd5 Be7 33. Ba3 Na6 34. Bxe7 Kxe7 35. a4 Nb8 36. b4 Nd7 37. a5 Nb8 38. b5 Kd7 39. Kc5 Kc7 40. b6+ Kb7 41. Kb5 Ka8 42. a6 g6 43. e4 Nd7 44. Kc6 Nb8+ 45. Kd6 Nxa6 46. e5 Kb7 47. e6 Kc8 48. e7 Nc7 49. bxc7 Kb7 50. e8Q 1-0